Stories for Curious Minds/ (Record no. 196947)

MARC details
000 -LEADER
fixed length control field 00589nam a22001937a 4500
005 - DATE AND TIME OF LATEST TRANSACTION
control field 20230810110810.0
010 ## - LCCN (DPL NO)
LC control number B-755552
020 ## - INTERNATIONAL STANDARD BOOK NUMBER
International Standard Book Number 9789388496612
Terms of availability 490.00
035 ## - SYSTEM CONTROL NUMBER
System control number B-755552
037 ## - SOURCE OF ACQUISITION
Source of stock number/acquisition Vishu Books
082 ## - DEWEY DECIMAL CLASSIFICATION NUMBER
Classification number S
100 ## - MAIN ENTRY--PERSONAL NAME
Personal name Mohini, Mudit
245 ## - TITLE STATEMENT
Title Stories for Curious Minds/
Statement of responsibility, etc Mudit Mohini
260 ## - PUBLICATION, DISTRIBUTION, ETC. (IMPRINT)
Place of publication, distribution, etc New Delhi
Name of publisher, distributor, etc Vishu Books
270 ## - ADDRESS
Address B-1/E-7 Mohan Estate, Badarpur,
City New Delhi
Postal code 110044
300 ## - PHYSICAL DESCRIPTION
Extent 160p.
Other physical details ill.
Dimensions 29cm(Hb)
942 ## - ADDED ENTRY ELEMENTS (KOHA)
Source of classification or shelving scheme Dewey Decimal Classification
Item type Children Books
Classification part S
Call number suffix STO
Holdings
Withdrawn status Lost status Not for loan Collection code Home library Current library Date acquired Source of acquisition Cost, normal purchase price Full call number Barcode Copy number Cost, replacement price Koha item type
      Fiction Central Library Central Library 10/08/2023 Gift/10.8.23 490.00 S STO B-755552 1 490.00 Children Books

© Delhi Public Library
Hit Counter
free hit counter